|
|
|
|
| LEADER |
00000nam0a2200000 4500 |
| 001 |
195196 |
| 005 |
20231101224618.0 |
| 010 |
|
|
|a 9785903826346
|
| 035 |
|
|
|a (RuTPU)RU\TPU\book\212931
|
| 090 |
|
|
|a 195196
|
| 100 |
|
|
|a 20110504d2010 m y0rusy50 ca
|
| 101 |
0 |
|
|a rus
|
| 102 |
|
|
|a RU
|
| 105 |
|
|
|a a j 001zy
|
| 200 |
1 |
|
|a Транспортировка нефти, нефтепродуктов и газа
|e учебное пособие
|f Ю. А. Закожурников
|
| 210 |
|
|
|a Волгоград
|c Ин-Фолио
|d 2010
|
| 215 |
|
|
|a 427 с.
|c ил.
|
| 320 |
|
|
|a Библиогр.: с. 415-421.
|
| 330 |
|
|
|a Учебное пособие разработано в соответствии с типовыми Рабочими учебными программами средних профессиональных учебных заведений нефтяного профиля по дисциплинам "Транспорт и хранение нефти и газа» и «Строительство и эксплуатация нефтегазопроводов и нефтегазохранилищ". Пособие включает в себя подробное описание: видов транспорта и транспортных средств по перевозке и перекачке нефти и газа; основ проектирования предприятий нефтяной и газовой промышленности; основ проектирования магистральных трубопроводов; основ строительства магистральных трубопроводов; требований эксплуатации магистральных трубопроводов. Учебное пособие также может быть рекомендовано при подготовке и аттестации рабочих и специалистов нефтяной и газовой промышленности.
|
| 606 |
1 |
|
|a Нефть
|x Транспортировка
|x Экономическая эффективность
|2 stltpush
|3 (RuTPU)RU\TPU\subj\45895
|9 65085
|
| 606 |
1 |
|
|a Газожидкостные смеси
|x Транспортировка по трубам
|2 stltpush
|3 (RuTPU)RU\TPU\subj\5064
|9 33227
|
| 610 |
1 |
|
|a нефтепродукты
|
| 610 |
1 |
|
|a газ
|
| 610 |
1 |
|
|a транспорт
|
| 610 |
1 |
|
|a виды
|
| 610 |
1 |
|
|a перевозки
|
| 610 |
1 |
|
|a трубопроводный транспорт
|
| 610 |
1 |
|
|a водный транспорт
|
| 610 |
1 |
|
|a железнодорожный транспорт
|
| 610 |
1 |
|
|a автомобильный транспорт
|
| 610 |
1 |
|
|a нефтегазовая промышленность
|
| 610 |
1 |
|
|a объекты
|
| 610 |
1 |
|
|a строительство
|
| 610 |
1 |
|
|a проектирование
|
| 610 |
1 |
|
|a магистральные трубопроводы
|
| 610 |
1 |
|
|a магистральные газопроводы
|
| 610 |
1 |
|
|a расчеты
|
| 610 |
1 |
|
|a прокладка
|
| 610 |
1 |
|
|a защита от коррозии
|
| 610 |
1 |
|
|a последовательная перекачка
|
| 610 |
1 |
|
|a высоковязкая нефть
|
| 610 |
1 |
|
|a эксплуатация
|
| 610 |
1 |
|
|a учебные пособия
|
| 675 |
|
|
|a 622.692.4(075.32)
|v 3
|
| 675 |
|
|
|a 622.691.4(075.32)
|v 3
|
| 700 |
|
1 |
|a Закожурников
|b Ю. А.
|
| 801 |
|
1 |
|a RU
|b 63413507
|c 20110504
|
| 801 |
|
2 |
|a RU
|b 63413507
|c 20151112
|g RCR
|
| 900 |
|
|
|a Транспорт и хранение нефти и газа
|
| 942 |
|
|
|c BK
|
| 959 |
|
|
|a 44/20110427
|d 2
|e 595,00
|f ЧЗТЛ:1
|f АНЛ:1
|